000 00715nam a2200205 i 4500
001 48973
003 ES-MaACL
005 20230906161846.0
007 t|
008 030703s1960 sp ||||1| spa d
100 1 _aCornelius, Hans.
_940620
245 1 0 _aFundamentos de geología general /
_cpor Hans Peter Cornelius ; completado por Marta Cornelius-Furlani ; [traducción directa del alemán por José María Rios].
250 _a2ª ed.
260 _aMadrid :
_bAlhambra,
_c1960 (
_fSenén Martín)
300 _aXV, 410 p., 15 lám. :
_bil. ;
_c22 cm.
700 1 _aCornelius-Furlani, Marta.
_940622
700 1 _aRios, José María.
_9201465
852 _aES-MaACL
_jC-18172
_bR.45051
999 _c48973
_d48973